000
00225nam a22000977a 4500
003
OSt
008
210113b ||||| |||| 00| 0 eng d
100
_a
Krishnan Nair, M
_9
4847
245
_a
Aadhunika malayala kavitha
942
_c
BK
999
_c
16463
_d
16463